The proving trail (Record no. 283474)
[ view plain ]
| 000 -LEADER | |
|---|---|
| fixed length control field | 01212nim a22002532a 4500 |
| 005 - DATE AND TIME OF LATEST TRANSACTION | |
| control field | 20200320192259.0 |
| 007 - PHYSICAL DESCRIPTION FIXED FIELD--GENERAL INFORMATION | |
| fixed length control field | sd fmngnnmmned |
| 008 - FIXED-LENGTH DATA ELEMENTS--GENERAL INFORMATION | |
| fixed length control field | 140113s2013 xxu n e eng d |
| 020 ## - INTERNATIONAL STANDARD BOOK NUMBER | |
| International Standard Book Number | 9780804192378 : |
| Terms of availability | $29.99 |
| 024 1# - OTHER STANDARD IDENTIFIER | |
| Standard number or code | 9780804192378 |
| 028 42 - PUBLISHER NUMBER | |
| Publisher number | 11015968 |
| 100 1# - MAIN ENTRY--PERSONAL NAME | |
| Personal name | L'Amour, Louis. |
| 9 (RLIN) | 5887984 |
| 245 14 - TITLE STATEMENT | |
| Title | The proving trail |
| Medium | [sound recording] / |
| Statement of responsibility, etc | Louis L'Amour. |
| 250 ## - EDITION STATEMENT | |
| Edition statement | Unabridged. |
| 260 ## - PUBLICATION, DISTRIBUTION, ETC. (IMPRINT) | |
| Place of publication, distribution, etc | [United States] : |
| Name of publisher, distributor, etc | Random House, Inc., |
| Date of publication, distribution, etc | 2013. |
| 300 ## - PHYSICAL DESCRIPTION | |
| Extent | 6 sound discs : |
| Other physical details | digital ; |
| Dimensions | 4 3/4 in. |
| 520 ## - SUMMARY, ETC. | |
| Summary, etc | They tried to tell him that his father had killed himself, but Kearney McRaven knew better. No matter what life had dealt him, his father would go down fighting. And as he delved deeper into the mystery, he learned that just before his father died, the elder McRaven had experienced a remarkable run of luck: he'd won nearly ten thousand dollars and the deed to a cattle ranch. |
| 650 #4 - SUBJECT ADDED ENTRY--TOPICAL TERM | |
| Topical term or geographic name as entry element | Western films. |
| 9 (RLIN) | 93846 |
| 655 #4 - INDEX TERM--GENRE/FORM | |
| Genre/form data or focus term | Audiobooks. |
| 9 (RLIN) | 5887985 |
| 655 #4 - INDEX TERM--GENRE/FORM | |
| Genre/form data or focus term | Fiction. |
| 9 (RLIN) | 5673940 |
| 942 ## - ADDED ENTRY ELEMENTS (KOHA) | |
| Koha item type | CD |
| 948 ## - LOCAL PROCESSING INFORMATION (OCLC); SERIES PART DESIGNATOR (RLIN) | |
| Series part designator, SPT (RLIN) | 04/08/2014 |
| z (OCLC) | Sirsi |
| 996 ## - | |
| -- | 108674 |
| -- | 34301001286774 |
| -- | CD |
| -- | CD |
| -- | wcl |
| -- | i |
| -- | 30 |
| -- | 30.00 |
| -- | .CIRCNOTE. 7 discs |
| -- | micro |
| -- | L'Am |
| -- | 04/08/2014 |
| -- | 07/22/2019 |
| -- | 07/17/2019 |
| Withdrawn status | Lost status | Source of classification or shelving scheme | Materials specified (bound volume or other part) | Damaged status | Not for loan | Collection code | Home library | Current library | Shelving location | Date acquired | Source of acquisition | Cost, normal purchase price | Total Checkouts | Total Renewals | Full call number | Barcode | Date last seen | Date checked out | Cost, replacement price | Price effective from | Koha item type |
|---|---|---|---|---|---|---|---|---|---|---|---|---|---|---|---|---|---|---|---|---|---|
| Dewey Decimal Classification | .CIRCNOTE. 7 discs | Audiobooks | Wasatch County Library | Wasatch County Library | Second Floor | 04/08/2014 | 30.00 | 34 | 1 | CD L'Am | 34301001286774 | 10/22/2025 | 10/14/2025 | 30.00 | 03/20/2020 | Audiobook on CD |
